Wonder Book of Poems : (Record no. 9351)

MARC details
000 -LEADER
fixed length control field 00585nam a22001817a 4500
003 - CONTROL NUMBER IDENTIFIER
control field OSt
005 - DATE AND TIME OF LATEST TRANSACTION
control field 20260408073135.0
008 - FIXED-LENGTH DATA ELEMENTS--GENERAL INFORMATION
fixed length control field 260408b |||||||| |||| 00| 0 eng d
020 ## - INTERNATIONAL STANDARD BOOK NUMBER
International Standard Book Number 9789719209911
040 ## - CATALOGING SOURCE
Original cataloging agency DWCL GS lib
Transcribing agency OC
082 ## - DEWEY DECIMAL CLASSIFICATION NUMBER
Classification number Res.(Fil.) 808.81 Y25w 2006
100 ## - MAIN ENTRY--PERSONAL NAME
Personal name Yap, Riccah
245 ## - TITLE STATEMENT
Title Wonder Book of Poems :
Remainder of title A Helpful Reference for High School and College Teachers and Students /
Statement of responsibility, etc. Riccah Yap
260 ## - PUBLICATION, DISTRIBUTION, ETC.
Place of publication, distribution, etc. Manila
Name of publisher, distributor, etc. Palinsad General Mdse.
Date of publication, distribution, etc. c2006.
300 ## - PHYSICAL DESCRIPTION
Extent iv, 100 pages:
Dimensions 13cm.
546 ## - LANGUAGE NOTE
Language note English
942 ## - ADDED ENTRY ELEMENTS (KOHA)
Source of classification or shelving scheme Dewey Decimal Classification
Koha item type Book- Reserved
Classification part Res.(Fil.)
Suppress in OPAC No
952 ## - LOCATION AND ITEM INFORMATION (KOHA)
--
952 ## - LOCATION AND ITEM INFORMATION (KOHA)
--
952 ## - LOCATION AND ITEM INFORMATION (KOHA)
--
952 ## - LOCATION AND ITEM INFORMATION (KOHA)
--
952 ## - LOCATION AND ITEM INFORMATION (KOHA)
--
Holdings
Withdrawn status Lost status Source of classification or shelving scheme Damaged status Not for loan Home library Current library Shelving location Date acquired Source of acquisition Total Checkouts Full call number Barcode Date last seen Copy number Price effective from Koha item type Uniform Resource Identifier
    Dewey Decimal Classification     Grade School Library Grade School Library Reserved 04/08/2026 School Fund, Donation   Res.(Fil.) 808.81 Y25w 2006 19646 04/08/2026 c1 04/08/2026 BK-0 CIRC
    Dewey Decimal Classification     Grade School Library Grade School Library Reserved 04/08/2026 School Fund, Donation   Res.(Fil.) 808.81 Y25w 2006 19647 04/08/2026 c2 04/08/2026 BK-0 CIRC
    Dewey Decimal Classification     Grade School Library Grade School Library Reserved 04/08/2026 School Fund, Donation   Res.(Fil.) 808.81 Y25w 2006 19643 04/08/2026 c3 04/08/2026 BK-0 CIRC
    Dewey Decimal Classification     Grade School Library Grade School Library Reserved 04/08/2026 School Fund, Donation   Res.(Fil.) 808.81 Y25w 2006 19644 04/08/2026 c4 04/08/2026 BK-0 CIRC
    Dewey Decimal Classification     Grade School Library Grade School Library Reserved 04/08/2026 School Fund, Donation   Res.(Fil.) 808.81 Y25w 2006 19645 04/08/2026 c5 04/08/2026 BK-0 CIRC